000 00573nam a2200169Ia 4500
008 090201s9999 xx 000 0 und d
010 _aKPL-44633
040 _bमराठी
041 _aमराठी
082 _a31863
_b44633
100 _aध रा गाला
245 _aउपवास करा आणि निरोगी रहा
_cध रा गाला
260 _c2004
_bगाला पब्लिशर्स
300 _a47
_bमोठा
600 _aउपवास करा आणि निरोगी रहा
942 _cBOOK
999 _c230262
_d230262